UBT Library

Nursing Care of Infants and Children (Record no. 2518)

000 -LEADER
fixed length control field 00282nam a22001097a 4500
008 - FIXED-LENGTH DATA ELEMENTS--GENERAL INFORMATION
fixed length control field 170104b xxu||||| |||| 00| 0 eng d
041 ## - LANGUAGE CODE
Language code of text/sound track or separate title eng
080 ## - UNIVERSAL DECIMAL CLASSIFICATION NUMBER
Edition identifier 4th ed.
Universal Decimal Classification number 618.2
082 ## - DEWEY DECIMAL CLASSIFICATION NUMBER
Edition number 4th ed.
245 ## - TITLE STATEMENT
Title Nursing Care of Infants and Children
Statement of responsibility, etc Whaley & Wong
942 ## - ADDED ENTRY ELEMENTS (KOHA)
Source of classification or shelving scheme
Item type Books
Edition 4th ed.
Holdings
Withdrawn status Lost status Source of classification or shelving scheme Damaged status Not for loan Collection code Permanent location Current location Shelving location Date acquired Total Checkouts Full call number Barcode Date last seen Price effective from Koha item type
          Koleksioni i përgjithshem UBT - Lipjan UBT - Lipjan Koleksioni i përgjithshem 01/04/2017   618.2 WHA 002-027736 01/04/2017 01/04/2017 Books
UBT Library © 2015-2024. All rights reserved University Education for Business and Technology